000 00433nam a2200181Ia 4500
008 230711s9999||||xx |||||||||||||| ||und||
020 _a978-93-525-3196-7
041 _aENG
082 _a547
_bBA-O
100 _aBahl,Arun
245 2 _aA Textbook of Organic Chemistry
250 _a22nd Ed.
260 _c2016
_aNew Delhi
_bS.Chand & Company Ltd
300 _a1108p.
650 _aChemistry
700 _aBahl,B S
942 _cBK
999 _c7262
_d7262